000 01817nam0a2200325 4500
001 RU\NLR\bibl\1525083
005 20260405202600.0
021 _aRU
_b2010-38596
_92584
035 _a(nilc)RSL-KNO-004650378
035 _a(NLR Aleph) 001516432
090 _a112979
_c112979
100 _a20100524d2010 |||y0rusy50 ca
101 0 _arus
102 _aRU
105 _aa zzzz|||||
200 1 _aБизнес-планирование для привлечения государственных инвестиций
_eучебно-методическое пособие
_fД.В. Смирнов
_gФедеральное агентство по образованию, Гос. образовательное учреждение высш. проф. образования "Южно-Российский гос. ун-т экономики и сервиса" (ГОУ ВПО "ЮРГУЭС")
210 _aШахты, Ростовская обл.
_cГОУ ВПО "ЮРГУЭС"
_d2010
215 _a54 с.
_cтабл.
_d20
320 _aБиблиогр.: с. 32-33
606 1 _aБизнес-планирование
_jУчебные издания для высших учебных заведений
_92365482
_3RU\NLR\auth\661412243
610 0 _aЭкономика -- Российская Федерация -- Инвестиции -- Учебно-методическое пособие для высшей школы
686 _aУ9(2)0-56я73-14
_2rubbk
686 _aУ23(2)24я73
700 1 _4070
_8rus
_7ca
_aСмирнов
_bД. В.
_cэкономист
_gДмитрий Владимирович
_3RU\NLR\auth\7790049
_972976
801 0 _aRU
_bРГБ
_c20100524
_grcr
801 1 _aRU
_bРГБ
_c20100524
801 2 _aRU
_bNLR
_c20100621
_grcr
942 _cBOOK
980 _aNB